000
00240nam a2200097Ia 4500
008
190216s9999||||xx |||||||||||||| ||und||
100
_a
Padmanabhan Nair
245
0
_a
Kadhakali Vesham Part-1
260
_b
Kerala Bhasha Institute
942
_c
BK
999
_c
25443
_d
25443